000 00418nam a2200157 a 4500
003 DLC
005 20210219152750.0
022 _a0952-391 X
035 _aUPN01000060383
245 0 0 _aEUROPEAN JOURNAL OF INTERCULTURAL STUDIES
260 _aInglaterra :
_bInternational Association of Intercultural Education
310 _aTres veces al año
653 0 _aINTERCULTURALIDAD
905 _aRevista
999 _c60173
_d60173